| 000 | 00472nam a22000977a 4500 | ||
|---|---|---|---|
| 008 | 180312b xxu||||| |||| 00| 0 eng d | ||
| 100 | _aPfau, H. | ||
| 245 |
_aAstrophilatelie: Handbuch fur den Weltraumsammler _bAstrophilatly; Handbook for space exploration collectors |
||
| 260 |
_aNiederrhein, Germany _bH.R. Pfau _c[1969-74?] |
||
| 650 | _a| Topical Collecting -- Rockets and Space | Topical Collecting -- Astronomy | Catalogs and Price Lists | Postal Markings | Postal Stationery | ||
| 999 |
_c2671 _d2671 |
||